[Event "Stafford Wood Green Blitz op"]
[Site "Stafford"]
[Date "2023.07.16"]
[Round "6.4"]
[White "Cooper, Lawrence"]
[Black "Shearsby, Jude"]
[Result "0-1"]
[WhiteElo "2297"]
[BlackElo "1908"]
[PlyCount "64"]
[EventDate "2023.07.16"]
[EventType "swiss"]
[EventRounds "9"]
[EventCountry "ENG"]
[SourceTitle "CBM 215 Extra"]
[Source "ChessBase"]
[SourceDate "2023.09.30"]
[SourceVersion "1"]
[SourceVersionDate "2023.09.30"]
[SourceQuality "1"]

1. d4 Nc6 2. e4 d5 3. Nc3 Nf6 4. e5 Nd7 5. Nf3 Nb6 6. Be2 Bf5 7. 0-0 h6 8. Be3 e6 9. Ne1 Be7 10. g4 Bh7 11. f4 Qd7 12. a4 a5 13. Bb5 0-0-0 14. Nd3 Nc4 15. Bc1 h5 16. gxh5 Rdg8 17. b3 Nb6 18. Ba3 g5 19. f5 Bxf5 20. Bxc6 bxc6 21. Bxe7 Qxe7 22. Nc5 Nd7 23. Nd3 g4 24. Nf4 Nxe5 25. dxe5 Qc5+ 26. Rf2 Qxc3 27. Qe1 Qc5 28. Kf1 g3 29. hxg3 Rxg3 30. Qe2 Rhg8 31. Qa6+ Kb8 32. Ne2 Rh3 0-1

[Event "Stafford Wood Green Blitz op"]
[Site "Stafford"]
[Date "2023.07.16"]
[Round "2.3"]
[White "Cooper, Lawrence"]
[Black "Wadsworth, Matthew J"]
[Result "1-0"]
[WhiteElo "2297"]
[BlackElo "2347"]
[PlyCount "77"]
[EventDate "2023.07.16"]
[EventType "swiss"]
[EventRounds "9"]
[EventCountry "ENG"]
[SourceTitle "CBM 215 Extra"]
[Source "ChessBase"]
[SourceDate "2023.09.30"]
[SourceVersion "1"]
[SourceVersionDate "2023.09.30"]
[SourceQuality "1"]

1. e4 c5 2. Nf3 e6 3. c3 d5 4. exd5 exd5 5. d4 a6 6. Be2 Nf6 7. 0-0 Be7 8. dxc5 Bxc5 9. Bg5 Be6 10. Nbd2 h6 11. Bxf6 Qxf6 12. Nb3 Bd6 13. Nbd4 0-0 14. Qb3 Nc6 15. Qxb7 Ne5 16. Qb3 Rab8 17. Qc2 Bg4 18. Nxe5 Qxe5 19. g3 Bh3 20. Rfe1 Qf6 21. Bf1 Bg4 22. Bg2 Rfc8 23. Qd2 Bc5 24. Re3 Qb6 25. h3 Bh5 26. Rae1 Kh7 27. b4 Bxd4 28. cxd4 Bg6 29. a3 Rc4 30. Rd1 Rd8 31. Bf1 Rc2 32. Qe1 a5 33. h4 axb4 34. axb4 h5 35. Re5 Ra8 36. Qe3 Raa2 37. Rxd5 Qf6 38. f4 Qf5 39. Rxf5 1-0

[Event "Titled Tuesday intern op 22nd June"]
[Site "Chess.com INT"]
[Date "2021.06.22"]
[Round "4"]
[White "Cooper, Lawrence"]
[Black "Heinemann, Josefine"]
[Result "0-1"]
[WhiteElo "2331"]
[BlackElo "2285"]
[PlyCount "84"]
[EventDate "2021.06.22"]
[EventType "swiss (blitz)"]
[EventRounds "11"]
[EventCountry "USA"]
[SourceTitle "CBM 203 Extra"]
[Source "ChessBase"]
[SourceDate "2021.09.30"]
[SourceVersion "1"]
[SourceVersionDate "2021.09.30"]
[SourceQuality "1"]

1. e4 c5 2. Nf3 d6 3. c3 Nf6 4. h3 g6 5. Bd3 Bg7 6. 0-0 0-0 7. Bc2 e5 8. d4 exd4 9. cxd4 cxd4 10. Nxd4 d5 11. exd5 Nxd5 12. Bb3 Nb4 13. Be3 N8c6 14. Nxc6 Nxc6 15. Nc3 Bf5 16. Rc1 Qh4 17. Qf3 Rad8 18. Rfd1 Be5 19. g4 Bc8 20. Rxd8 Qxd8 21. Bc5 Nd4 22. Bxd4 Qxd4 23. Nd5 Kg7 24. Ne7 Be6 25. Bxe6 fxe6 26. Qe3 Qxe3 27. fxe3 Kf7 28. Nc8 Bxb2 29. Rc7+ Kf6 30. Nxa7 b6 31. Nb5 Ra8 32. Rxh7 Rxa2 33. Rb7 Ke5 34. Nd4 Ke4 35. Rxb6 Kxe3 36. Nxe6 Kf3 37. Rb3+ Ke4 38. Kf1 Ke5 39. Nc5 Bd4 40. Nd3+ Ke4 41. Nb4 Ra1+ 42. Ke2 Rh1 0-1

[Event "BCF-chT1c 1819 (4NCL) Promotion pool"]
[Site "England"]
[Date "2019.03.17"]
[Round "8.26"]
[White "Ledger, Andrew"]
[Black "Cooper, Lawrence"]
[Result "1/2-1/2"]
[WhiteElo "2338"]
[BlackElo "2336"]
[PlyCount "101"]
[EventDate "2018.11.10"]
[EventType "team-tourn"]
[EventRounds "11"]
[EventCountry "ENG"]
[SourceTitle "CBM 189 Extra"]
[Source "ChessBase"]
[SourceDate "2019.06.03"]
[SourceVersion "1"]
[SourceVersionDate "2019.06.03"]
[SourceQuality "1"]
[WhiteTeam "Blackthorne Russia"]
[BlackTeam "Wood Green"]
[WhiteTeamCountry "ENG"]
[BlackTeamCountry "ENG"]

1. d4 d5 2. c4 c6 3. Nc3 Nf6 4. e3 g6 5. Nf3 Bg7 6. Be2 0-0 7. 0-0 Bg4 8. cxd5 cxd5 9. Qb3 b6 10. h3 Bxf3 11. Bxf3 e6 12. Be2 Nc6 13. Ba6 Ne8 14. Qa4 Ne7 15. Bd2 Nc7 16. Be2 e5 17. dxe5 Bxe5 18. Rfd1 Qd6 19. Rac1 Rfd8 20. Be1 Qf6 21. Bf3 a6 22. Qb3 Rab8 23. Rc2 Kg7 24. Ne2 h5 25. Bc3 Rd7 26. Rcd2 Bxc3 27. Nxc3 Rbd8 28. Ne2 Rd6 29. Qc3 Qxc3 30. Nxc3 f5 31. h4 Kf7 32. g3 Ke6 33. Ne2 Ke5 34. Rc1 Ne6 35. Nf4 d4 36. Nxe6 Kxe6 37. exd4 Rxd4 38. Re1+ Kf7 39. Rde2 R8d7 40. Kg2 Rd2 41. a4 a5 42. b3 Rxe2 43. Bxe2 Rd6 44. Bc4+ Kf6 45. f4 Nd5 46. Re8 Rd7 47. Kf3 Rd6 48. Rb8 Nc7 49. Rb7 Ne6 50. Ke3 Nd8 51. Rc7 1/2-1/2

[Event "UK-ch blitz op"]
[Site "Solihull"]
[Date "2018.12.01"]
[Round "15"]
[White "Cooper, Lawrence"]
[Black "Sarakauskas, Gediminas"]
[Result "1/2-1/2"]
[WhiteElo "2323"]
[BlackElo "2384"]
[PlyCount "52"]
[EventDate "2018.12.01"]
[EventType "tourn (blitz)"]
[EventRounds "15"]
[EventCountry "ENG"]
[SourceTitle "EXT 2020"]
[Source "ChessBase"]
[SourceDate "2019.10.17"]
[SourceVersion "1"]
[SourceVersionDate "2019.10.17"]
[SourceQuality "1"]

1. Nf3 Nf6 2. c4 e6 3. g3 d5 4. Bg2 dxc4 5. Qa4+ Nbd7 6. 0-0 a6 7. Qxc4 c5 8. Qc2 b5 9. Ne5 Nd5 10. Nxd7 Qxd7 11. Nc3 Bb7 12. Nxd5 Bxd5 13. a4 Bxg2 14. Kxg2 Qb7+ 15. Kg1 Be7 16. axb5 axb5 17. Rxa8+ Qxa8 18. Qb3 Qa4 19. Qxa4 bxa4 20. d3 Kd7 21. Bd2 Kc6 22. Bc3 Bf6 23. Bxf6 gxf6 24. Ra1 Kb5 25. Kf1 Rc8 26. Ke1 Rc7 1/2-1/2

[Event "UK-ch blitz op"]
[Site "Solihull"]
[Date "2018.12.01"]
[Round "14"]
[White "Harvey, Marcus Ross"]
[Black "Cooper, Lawrence"]
[Result "1/2-1/2"]
[WhiteElo "2305"]
[BlackElo "2323"]
[PlyCount "89"]
[EventDate "2018.12.01"]
[EventType "tourn (blitz)"]
[EventRounds "15"]
[EventCountry "ENG"]
[SourceTitle "EXT 2020"]
[Source "ChessBase"]
[SourceDate "2019.10.17"]
[SourceVersion "1"]
[SourceVersionDate "2019.10.17"]
[SourceQuality "1"]

1. Nf3 d5 2. b3 Bg4 3. e3 Nf6 4. Bb2 e6 5. h3 Bh5 6. Be2 Be7 7. 0-0 0-0 8. c4 Nbd7 9. Nc3 c6 10. d4 a6 11. Nd2 Bxe2 12. Qxe2 e5 13. cxd5 exd4 14. exd4 Nxd5 15. Nce4 Re8 16. Qf3 N7f6 17. Ng3 Bf8 18. Nc4 g6 19. a4 Bg7 20. a5 Re6 21. Rae1 Qe8 22. Nd6 Rxe1 23. Nxe8 Raxe8 24. Bc3 Rxf1+ 25. Kxf1 h5 26. Ne2 Ne4 27. Be1 Nd6 28. g4 hxg4 29. hxg4 Nb5 30. Qd3 Bf6 31. Bd2 Kg7 32. Kg2 Rh8 33. Qe4 Rd8 34. g5 Be7 35. Bf4 Nxf4+ 36. Qxf4 Rd5 37. Qb8 Rxg5+ 38. Kf1 Nd6 39. Qc7 Kf8 40. Qb8+ Kg7 41. Qc7 Kf8 42. Nf4 Rb5 43. Qb8+ Kg7 44. Qc7 Kf8 45. Qb8+ 1/2-1/2

[Event "BCF-chTb 1819 (4NCL)"]
[Site "Daventry"]
[Date "2018.11.11"]
[Round "2.8"]
[White "Howell, David"]
[Black "Cooper, Lawrence"]
[Result "1-0"]
[WhiteElo "2697"]
[BlackElo "2335"]
[PlyCount "121"]
[EventDate "2018.11.10"]
[EventType "team-tourn"]
[EventRounds "11"]
[EventCountry "ENG"]
[SourceTitle "CBM 187 Extra"]
[Source "ChessBase"]
[SourceDate "2018.11.04"]
[SourceVersion "1"]
[SourceVersionDate "2018.11.04"]
[SourceQuality "1"]
[WhiteTeam "Cheddleton"]
[BlackTeam "Wood Green Monarchs"]
[WhiteTeamCountry "ENG"]
[BlackTeamCountry "ENG"]

1. Nf3 d5 2. e3 Nf6 3. c4 c6 4. Nc3 g6 5. d4 Bg7 6. Bd3 0-0 7. 0-0 dxc4 8. Bxc4 Bg4 9. h3 Bxf3 10. Qxf3 Nbd7 11. Rd1 e5 12. d5 e4 13. Nxe4 Ne5 14. Nxf6+ Bxf6 15. Qe2 Nxc4 16. Qxc4 cxd5 17. Rxd5 Qb6 18. Rb5 Qd6 19. e4 Qd1+ 20. Qf1 Qc2 21. e5 a6 22. Rxb7 Bxe5 23. Bh6 Bxb2 24. Qb1 Qxb1+ 25. Rxb1 Bg7 26. Be3 Rfd8 27. g4 Bd4 28. Bg5 Rd5 29. Bh6 Rad8 30. R1b3 Bg7 31. Be3 Bd4 32. Bf4 h5 33. Ra3 hxg4 34. hxg4 Rb5 35. Rc7 Be5 36. Bxe5 Rxe5 37. Kg2 Rd4 38. Kg3 Rg5 39. f3 a5 40. Ra7 Kg7 41. R3xa5 Rxa5 42. Rxa5 Kf6 43. a4 Rb4 44. g5+ Kg7 45. Kf2 Rb3 46. Rb5 Ra3 47. Rb4 f6 48. f4 fxg5 49. fxg5 Kf7 50. Re4 Ra2+ 51. Ke3 Ra1 52. Kd3 Rc1 53. Re5 Ra1 54. a5 Ra4 55. Kc3 Rf4 56. Kb3 Rf1 57. Kb4 Ra1 58. Kb5 Rb1+ 59. Kc6 Ra1 60. Kb6 Rb1+ 61. Rb5 1-0

[Event "EU-Cup 34th"]
[Site "Porto Carras"]
[Date "2018.10.13"]
[Round "2.4"]
[White "Cooper, Lawrence"]
[Black "Sotsky, Alexander"]
[Result "1/2-1/2"]
[WhiteElo "2344"]
[BlackElo "2330"]
[PlyCount "115"]
[EventDate "2018.10.12"]
[EventType "team-swiss"]
[EventRounds "7"]
[EventCountry "GRE"]
[SourceTitle "CBM 187"]
[Source "ChessBase"]
[SourceDate "2018.12.11"]
[SourceVersion "1"]
[SourceVersionDate "2018.12.11"]
[SourceQuality "1"]
[WhiteTeam "Wood Green"]
[BlackTeam "Overtime"]
[WhiteTeamCountry "ENG"]
[BlackTeamCountry "LTU"]

1. d4 e6 2. e4 d5 3. Nd2 dxe4 4. Nxe4 Bd7 5. Nf3 Bc6 6. Bd3 Bxe4 7. Bxe4 c6 8. 0-0 Nf6 9. Bd3 Bd6 10. c4 Nbd7 11. b3 0-0 12. Bb2 Re8 13. Re1 Qc7 14. Qe2 a5 15. a3 Bf8 16. Qd2 g6 17. Bf1 Bg7 18. g3 Rad8 19. Bc3 b6 20. Qb2 Ng4 21. Rad1 h5 22. b4 axb4 23. axb4 Ra8 24. Ra1 Nh6 25. Rxa8 Rxa8 26. Ra1 Rxa1 27. Qxa1 Nf5 28. Bd3 Qd6 29. Bxf5 exf5 30. Qa8+ Nf8 31. Qb7 Nd7 32. Qc8+ Nf8 33. Qb7 Nd7 34. Qc8+ Nf8 35. Kg2 Qe6 36. Qa6 Qe4 37. Qxb6 g5 38. Qb8 g4 39. Qf4 gxf3+ 40. Qxf3 Ne6 41. b5 cxb5 42. cxb5 Bxd4 43. Qxe4 fxe4 44. Bxd4 Nxd4 45. b6 Kg7 46. b7 Nc6 47. f3 f5 48. Kf2 Kf6 49. fxe4 fxe4 50. Ke3 Ke5 51. h3 Nb8 52. g4 h4 53. g5 Nd7 54. g6 Kf6 55. Kxe4 Nc5+ 56. Kf4 Nxb7 57. Kg4 Kxg6 58. Kxh4 1/2-1/2

[Event "PRO League Stage"]
[Site "Chess.com INT"]
[Date "2018.02.24"]
[Round "7"]
[White "Cooper, Lawrence"]
[Black "Ravuri, Vinesh"]
[Result "1-0"]
[WhiteElo "2347"]
[BlackElo "1990"]
[PlyCount "67"]
[EventDate "2018.01.18"]
[EventType "team-swiss (rapid)"]
[EventRounds "9"]
[EventCountry "USA"]
[SourceTitle "EXT 2019"]
[Source "ChessBase"]
[SourceDate "2018.10.10"]
[SourceVersion "1"]
[SourceVersionDate "2018.10.10"]
[SourceQuality "1"]
[WhiteTeam "London Lions"]
[BlackTeam "San Jose Hackers"]
[WhiteTeamCountry "ENG"]
[BlackTeamCountry "USA"]

1. e4 e5 2. Nf3 Nc6 3. Bb5 a6 4. Ba4 Nf6 5. 0-0 Be7 6. Re1 b5 7. Bb3 d6 8. c3 0-0 9. h3 Bb7 10. d4 Nd7 11. Nbd2 exd4 12. cxd4 Bf6 13. Nf1 Re8 14. Ng3 g6 15. Bh6 Na5 16. Qd2 Nxb3 17. axb3 c5 18. d5 Ne5 19. Nxe5 Bxe5 20. Bg5 Bf6 21. h4 Bxg5 22. hxg5 f6 23. gxf6 Qxf6 24. b4 c4 25. f4 Re7 26. Ra3 Rae8 27. Rf3 Bc8 28. e5 dxe5 29. d6 Rd7 30. fxe5 Qe6 31. Ne4 Kh8 32. Ng5 Qe7 33. dxe7 Rxd2 34. Rf8+ 1-0

[Event "PRO League Stage"]
[Site "Chess.com INT"]
[Date "2018.02.24"]
[Round "7"]
[White "Rosenthal, Nicholas"]
[Black "Cooper, Lawrence"]
[Result "0-1"]
[WhiteElo "2169"]
[BlackElo "2347"]
[PlyCount "66"]
[EventDate "2018.01.18"]
[EventType "team-swiss (rapid)"]
[EventRounds "9"]
[EventCountry "USA"]
[SourceTitle "EXT 2019"]
[Source "ChessBase"]
[SourceDate "2018.10.10"]
[SourceVersion "1"]
[SourceVersionDate "2018.10.10"]
[SourceQuality "1"]
[WhiteTeam "Miami Champions"]
[BlackTeam "London Lions"]
[WhiteTeamCountry "USA"]
[BlackTeamCountry "ENG"]

1. e4 e5 2. Nf3 Nf6 3. Nc3 Nc6 4. Bb5 Bd6 5. 0-0 0-0 6. d3 a6 7. Ba4 Re8 8. Bg5 h6 9. Bh4 b5 10. Bb3 Be7 11. a4 b4 12. Nb1 d6 13. Nbd2 Na5 14. Ba2 Rb8 15. c3 c5 16. d4 bxc3 17. bxc3 cxd4 18. cxd4 exd4 19. Re1 Ng4 20. Bxe7 Qxe7 21. Nxd4 Qh4 22. N2f3 Qxf2+ 23. Kh1 Rb2 24. Re2 Qxe2 25. Nxe2 Nf2+ 26. Kg1 Nxd1 27. Rxd1 Rxa2 28. Ng3 Nc4 29. Rd4 Ne3 30. Rxd6 Rxg2+ 31. Kh1 Ra2 32. Kg1 Bh3 33. Rd3 Ng4 0-1

[Event "PRO League Stage"]
[Site "Chess.com INT"]
[Date "2018.02.14"]
[Round "6"]
[White "Cooper, Lawrence"]
[Black "Rendle, Thomas E"]
[Result "0-1"]
[WhiteElo "2347"]
[BlackElo "2362"]
[PlyCount "52"]
[EventDate "2018.01.18"]
[EventType "team-swiss (rapid)"]
[EventRounds "9"]
[EventCountry "USA"]
[SourceTitle "CBM 182 Extra"]
[Source "ChessBase"]
[SourceDate "2018.02.23"]
[SourceVersion "1"]
[SourceVersionDate "2018.02.23"]
[SourceQuality "1"]
[WhiteTeam "London Lions"]
[BlackTeam "London Towers"]
[WhiteTeamCountry "ENG"]
[BlackTeamCountry "ENG"]

1. d4 f5 2. Nc3 Nf6 3. Bg5 d5 4. Bxf6 exf6 5. e3 Be6 6. Qf3 Nc6 7. Bb5 Qd6 8. Nge2 0-0-0 9. 0-0-0 Ne7 10. h4 h5 11. Kb1 Kb8 12. Rc1 Nc8 13. Bd3 Qd7 14. Nf4 Bf7 15. Nfe2 Nd6 16. Ng3 Ne4 17. Qxf5 Be6 18. Qg6 Nxc3+ 19. bxc3 Rh6 20. Ka1 Rxg6 21. Bxg6 Bf7 22. Bxf7 Qxf7 23. Rb1 Qg6 24. Rb2 Ba3 25. Rb3 Bd6 26. Rhb1 b6 0-1

[Event "BCF-chT1b 1718 (4NCL)"]
[Site "England"]
[Date "2018.01.14"]
[Round "4.78"]
[White "Goldsmith, Jennifer"]
[Black "Cooper, Lawrence"]
[Result "0-1"]
[WhiteElo "1345"]
[BlackElo "2305"]
[PlyCount "54"]
[EventDate "2017.11.11"]
[EventType "team-swiss"]
[EventRounds "11"]
[EventCountry "ENG"]
[SourceTitle "EXT 2019"]
[Source "ChessBase"]
[SourceDate "2018.10.10"]
[SourceVersion "1"]
[SourceVersionDate "2018.10.10"]
[SourceQuality "1"]
[WhiteTeam "Cambridge University"]
[BlackTeam "Wood Green"]
[WhiteTeamCountry "ENG"]
[BlackTeamCountry "ENG"]

1. d4 d6 2. Nf3 Bg4 3. e4 Nf6 4. Bd3 e6 5. 0-0 d5 6. e5 Nfd7 7. Bf4 c5 8. c3 cxd4 9. cxd4 Nc6 10. Be2 Bxf3 11. Bxf3 Qb6 12. Nc3 Qxd4 13. Qxd4 Nxd4 14. Be2 Bb4 15. Bd3 Nc5 16. Bb5+ Ke7 17. Be3 Bxc3 18. bxc3 Nxb5 19. Bxc5+ Kd7 20. Bd4 Rhc8 21. Rfc1 Nxd4 22. cxd4 Rxc1+ 23. Rxc1 Rc8 24. Rb1 b6 25. g3 Rc4 26. Rd1 Rc2 27. a3 Rc3 0-1

[Event "BCF-chT1c 1617 (4NCL) Promotion pool"]
[Site "England"]
[Date "2017.04.29"]
[Round "9.18"]
[White "Steil Antoni, Fiona"]
[Black "Cooper, Lawrence"]
[Result "0-1"]
[WhiteElo "2141"]
[BlackElo "2341"]
[PlyCount "42"]
[EventDate "2016.11.19"]
[EventType "team-tourn"]
[EventRounds "4"]
[EventCountry "ENG"]
[SourceTitle "EXT 2018"]
[Source "ChessBase"]
[SourceDate "2017.10.13"]
[SourceVersion "1"]
[SourceVersionDate "2017.10.13"]
[SourceQuality "1"]
[WhiteTeam "Cheddleton"]
[BlackTeam "Wood Green"]
[WhiteTeamCountry "ENG"]
[BlackTeamCountry "ENG"]

1. e4 e5 2. Nc3 Nf6 3. g3 Bc5 4. Bg2 Nc6 5. Nge2 a6 6. d3 d6 7. 0-0 h6 8. h3 Be6 9. Kh2 h5 10. Nd5 h4 11. Nxf6+ Qxf6 12. f4 hxg3+ 13. Nxg3 Bxh3 14. Bxh3 Qh4 15. Nh5 Rxh5 16. Qf3 Nd4 17. Qg2 Ke7 18. b4 Rah8 19. bxc5 Qxh3+ 20. Qxh3 Rxh3+ 21. Kg1 Rh1+ 0-1

[Event "BCF-chT1b 1617 (4NCL)"]
[Site "England"]
[Date "2017.02.11"]
[Round "5.53"]
[White "Van Kampen, Robin"]
[Black "Cooper, Lawrence"]
[Result "1-0"]
[WhiteElo "2640"]
[BlackElo "2341"]
[PlyCount "87"]
[EventDate "2016.11.19"]
[EventType "team-tourn"]
[EventRounds "7"]
[EventCountry "ENG"]
[SourceTitle "EXT 2018"]
[Source "ChessBase"]
[SourceDate "2017.10.13"]
[SourceVersion "1"]
[SourceVersionDate "2017.10.13"]
[SourceQuality "1"]
[WhiteTeam "Guildford"]
[BlackTeam "Wood Green"]
[WhiteTeamCountry "ENG"]
[BlackTeamCountry "ENG"]

1. e4 e5 2. Nf3 Nc6 3. Bb5 a6 4. Ba4 Nf6 5. 0-0 Be7 6. Re1 b5 7. Bb3 0-0 8. a3 Bb7 9. d3 d6 10. Nc3 h6 11. Nd5 Nd4 12. Nxd4 exd4 13. Nxe7+ Qxe7 14. Bf4 Nd7 15. Qg4 Ne5 16. Qg3 Qf6 17. Bd2 Qg6 18. Qxg6 Nxg6 19. f4 c5 20. g3 a5 21. c3 dxc3 22. bxc3 Rfe8 23. Rab1 Rab8 24. Bc2 Bc6 25. d4 cxd4 26. cxd4 d5 27. e5 Ra8 28. Bd3 Reb8 29. Rec1 Ne7 30. Rc5 Bd7 31. Kf2 b4 32. axb4 a4 33. Bc3 a3 34. Ra1 a2 35. Ke3 Bf5 36. Bxf5 Nxf5+ 37. Kd3 Ra3 38. Ra5 Ra8 39. Rxa8+ Rxa8 40. g4 Ne7 41. Kc2 Ng6 42. f5 Nf4 43. Kb3 Ne2 44. Bb2 1-0

[Event "PRO League Central"]
[Site "Chess.com INT"]
[Date "2017.02.01"]
[Round "4"]
[White "Csonka, Balazs"]
[Black "Cooper, Lawrence"]
[Result "1-0"]
[WhiteElo "2414"]
[BlackElo "2355"]
[PlyCount "73"]
[EventDate "2017.01.11"]
[EventType "team-swiss (rapid)"]
[EventRounds "7"]
[EventCountry "USA"]
[SourceTitle "CBM 176 Extra"]
[Source "ChessBase"]
[SourceDate "2017.03.02"]
[SourceVersion "1"]
[SourceVersionDate "2017.03.02"]
[SourceQuality "1"]
[WhiteTeam "Budapest Gambit"]
[BlackTeam "London Lions"]
[WhiteTeamCountry "HUN"]
[BlackTeamCountry "ENG"]

1. d4 Nf6 2. c4 e6 3. Nf3 c5 4. d5 exd5 5. cxd5 Bd6 6. g3 0-0 7. Bg2 a6 8. a4 Bc7 9. 0-0 d6 10. Nfd2 Nbd7 11. Nc4 Nb6 12. b3 Nxc4 13. bxc4 Ba5 14. Bb2 Bg4 15. Qd3 Re8 16. e4 Rb8 17. Na3 Bd7 18. f4 Bxa4 19. e5 Nd7 20. e6 Nf6 21. f5 b5 22. g4 bxc4 23. Nxc4 Bb5 24. Bxf6 gxf6 25. g5 Bd2 26. gxf6 Qxf6 27. Qg3+ Bg5 28. Nxd6 fxe6 29. Ne4 Qd4+ 30. Kh1 h6 31. f6 Bxf1 32. Rxf1 Kf7 33. Nxg5+ hxg5 34. Qc7+ Kg6 35. Qg7+ Kh5 36. Qh7+ Kg4 37. Bh3# 1-0

[Event "BCF-chT1b 1617 (4NCL)"]
[Site "England"]
[Date "2017.01.14"]
[Round "3.66"]
[White "Poobalasingam, Peter"]
[Black "Cooper, Lawrence"]
[Result "0-1"]
[WhiteElo "2223"]
[BlackElo "2341"]
[PlyCount "70"]
[EventDate "2016.11.19"]
[EventType "team-tourn"]
[EventRounds "7"]
[EventCountry "ENG"]
[SourceTitle "EXT 2018"]
[Source "ChessBase"]
[SourceDate "2017.10.13"]
[SourceVersion "1"]
[SourceVersionDate "2017.10.13"]
[SourceQuality "1"]
[WhiteTeam "Barbican II"]
[BlackTeam "Wood Green"]
[WhiteTeamCountry "ENG"]
[BlackTeamCountry "ENG"]

1. d3 d5 2. Nd2 e5 3. Ngf3 Nc6 4. e4 Nf6 5. Be2 dxe4 6. dxe4 Bc5 7. 0-0 0-0 8. c3 a5 9. Qc2 Qe7 10. Nc4 h6 11. Ne3 Be6 12. Bb5 Na7 13. Bd3 Nc6 14. Bb5 Na7 15. Be2 Nc6 16. h3 Rfd8 17. Re1 Ba7 18. Bf1 Qc5 19. a3 Ne7 20. Nf5 Bxf5 21. exf5 e4 22. Be3 Qxf5 23. Nd4 Qg6 24. Qb3 Bb6 25. Nb5 Bxe3 26. Rxe3 Nf5 27. Ree1 c6 28. Nc7 Rab8 29. Red1 Rxd1 30. Rxd1 e3 31. g4 exf2+ 32. Kxf2 Ne4+ 33. Kg1 Qg5 34. Re1 Qf4 35. Re2 Nfg3 0-1

[Event "BCF-chT3Sa 1617 (4NCL)"]
[Site "England"]
[Date "2016.11.27"]
[Round "2.21"]
[White "Reuben, Stewart"]
[Black "Cooper, Lawrence"]
[Result "0-1"]
[WhiteElo "2080"]
[BlackElo "2341"]
[PlyCount "60"]
[EventDate "2016.11.26"]
[EventType "team-tourn"]
[EventRounds "11"]
[EventCountry "ENG"]
[SourceTitle "EXT 2019"]
[Source "ChessBase"]
[SourceDate "2018.10.10"]
[SourceVersion "1"]
[SourceVersionDate "2018.10.10"]
[SourceQuality "1"]
[WhiteTeam "MK Phoenix"]
[BlackTeam "Wood Green"]
[WhiteTeamCountry "ENG"]
[BlackTeamCountry "ENG"]

1. c4 e6 2. Nc3 Bb4 3. d4 Nf6 4. Bg5 h6 5. Bh4 c5 6. e3 Bxc3+ 7. bxc3 d6 8. Bd3 e5 9. Ne2 Qe7 10. 0-0 g5 11. Bg3 Nbd7 12. f3 h5 13. Qc2 h4 14. Bf2 g4 15. Bf5 gxf3 16. gxf3 Nb6 17. Bxc8 Rxc8 18. d5 Qd7 19. Kh1 Nxc4 20. a4 Na5 21. c4 b6 22. Be1 Qh3 23. Bxa5 bxa5 24. Ng1 Qd7 25. Rab1 Nh5 26. Qe4 Ng3+ 27. hxg3 hxg3+ 28. Kg2 f5 29. Rb7 Qxb7 30. Qxf5 Qb2+ 0-1

[Event "BCF-chT3Sa 1516 (4NCL)"]
[Site "England"]
[Date "2016.02.13"]
[Round "5"]
[White "Cooper, Lawrence"]
[Black "Whyte, Brian G"]
[Result "0-1"]
[WhiteElo "2349"]
[BlackElo "2155"]
[PlyCount "92"]
[EventDate "2015.11.14"]
[EventType "team-swiss"]
[EventRounds "7"]
[EventCountry "ENG"]
[SourceTitle "EXT 2017"]
[Source "ChessBase"]
[SourceDate "2016.10.25"]
[SourceVersion "1"]
[SourceVersionDate "2016.10.25"]
[SourceQuality "1"]
[WhiteTeam "Shropshire"]
[BlackTeam "Midland Monarchs"]
[WhiteTeamCountry "ENG"]
[BlackTeamCountry "ENG"]

1. e4 e5 2. Nf3 Nc6 3. Bb5 a6 4. Ba4 d6 5. Bxc6+ bxc6 6. d4 exd4 7. Nxd4 Ne7 8. 0-0 c5 9. Ne2 Ng6 10. Nbc3 Be7 11. Ng3 0-0 12. f4 Rb8 13. Nd5 f6 14. Nf5 Rf7 15. c4 Bf8 16. b3 Ne7 17. Nfxe7+ Bxe7 18. f5 Bf8 19. Bb2 a5 20. Rf3 c6 21. Nc3 Qe8 22. Qd3 Ba6 23. Rg3 Kh8 24. Rf1 Rd7 25. Rd1 a4 26. Nxa4 d5 27. exd5 cxd5 28. Re3 Qh5 29. Re6 Bd6 30. g3 d4 31. Rde1 Bb7 32. Qe2 Qxe2 33. R1xe2 Rdd8 34. g4 Bc6 35. Ba3 Bxa4 36. bxa4 h6 37. Rb2 Ra8 38. Rb6 Bf8 39. Rbc6 d3 40. Re1 Rxa4 41. Bxc5 d2 42. Rd1 Rxc4 43. Bxf8 Rxc6 44. Ba3 Rc3 45. Bb2 Rc2 46. Ba3 Rd3 0-1

[Event "London Classic rapid op 7th"]
[Site "London"]
[Date "2015.12.12"]
[Round "3"]
[White "Cooper, Lawrence"]
[Black "Bok, Benjamin"]
[Result "0-1"]
[WhiteElo "2345"]
[BlackElo "2591"]
[PlyCount "68"]
[EventDate "2015.12.12"]
[EventType "swiss (rapid)"]
[EventRounds "10"]
[EventCountry "ENG"]
[SourceTitle "CBM 169 Extra"]
[Source "ChessBase"]
[SourceDate "2015.12.18"]
[SourceVersion "1"]
[SourceVersionDate "2015.12.18"]
[SourceQuality "1"]

1. e4 g6 2. d4 Bg7 3. Nc3 d6 4. Be3 a6 5. f4 b5 6. Bd3 Bb7 7. Nf3 b4 8. Ne2 Nf6 9. Ng3 Nbd7 10. c3 a5 11. 0-0 0-0 12. f5 c5 13. h3 cxd4 14. cxd4 e6 15. fxe6 fxe6 16. Qb3 Qe7 17. Ng5 Rae8 18. Rac1 h6 19. Rc7 hxg5 20. Rxb7 g4 21. Bg5 Qd8 22. Rc1 Re7 23. Rcc7 gxh3 24. gxh3 Rff7 25. e5 Nxe5 26. dxe5 Rxc7 27. Rxc7 Qxc7 28. exf6 Qc5+ 29. Kg2 Qxg5 30. fxg7 Qe3 31. Qc2 Qf3+ 32. Kh2 Qf2+ 33. Qxf2 Rxf2+ 34. Kg1 Rf3 0-1

[Event "BCF-chT3Sa 1516 (4NCL)"]
[Site "England"]
[Date "2015.11.15"]
[Round "2.65"]
[White "Cooper, Lawrence"]
[Black "Moore, Graham J"]
[Result "1-0"]
[WhiteElo "2345"]
[BlackElo "2200"]
[PlyCount "65"]
[EventDate "2015.11.14"]
[EventType "team-swiss"]
[EventRounds "7"]
[EventCountry "ENG"]
[SourceTitle "CBM 169 Extra"]
[Source "ChessBase"]
[SourceDate "2015.12.18"]
[SourceVersion "1"]
[SourceVersionDate "2015.12.18"]
[SourceQuality "1"]

1. e4 e6 2. d4 d5 3. Nd2 Nf6 4. e5 Nfd7 5. f4 c5 6. c3 Nc6 7. Ndf3 Qb6 8. h4 cxd4 9. cxd4 Be7 10. g3 f6 11. Bh3 0-0 12. Bxe6+ Kh8 13. exf6 Nxf6 14. Bxc8 Bb4+ 15. Kf1 Raxc8 16. Kg2 Rce8 17. Ne2 Ng4 18. Rf1 Re4 19. Ng5 Re7 20. Qd3 g6 21. Nc3 Bxc3 22. bxc3 Rfe8 23. Kh3 Nf6 24. f5 h6 25. fxg6 hxg5 26. Rxf6 g4+ 27. Kxg4 Re4+ 28. Kh3 Qd8 29. Qf3 Qd7+ 30. Qf5 Qxf5+ 31. Rxf5 Ne7 32. Rf7 Nxg6 33. Bg5 1-0